| 000 | 02339nam a22001817a 4500 | ||
|---|---|---|---|
| 003 | OSt | ||
| 005 | 20260407070519.0 | ||
| 008 | 260407b |||||||| |||| 00| 0 eng d | ||
| 040 |
_aLC _bENG _cLC _dABK _eRDA |
||
| 082 |
_223rd ed. _a348.0496761 _bUGA |
||
| 245 |
_aThe Uganda law reports [2015] 1 U. L. R / _cEdited by Rose Kawesa Nalule |
||
| 260 |
_aKampala : _bLaw development centre ; _cc2015. |
||
| 300 |
_axxxiv, 435 pages ; _c24 cm. |
||
| 505 | _aTABLE OF CONTENTS INDEX OF CASES REPORTED. SUBJECT MATTER INDEX.. INDEX OF LEGISLATION CONSIDERED. INDEX OF CASES CITED....... DIGESTS & JUDGMENTS. INDEX OF CASES REPORTED ALENYOMARKS VS. UGANDA (CA).. CHELBEI FRED AND SALIMO DAVID Vs. MASAI LABU (CA)...... CRANE BANK LIMITED VS NIPUN NAROTTAM BHATIA (SC).... DAVID MARTIN NYENDE VS INSTITUTE OF CERTIFIED PUBLIC ACCOUNTANTS OF UGANDA (HC).. FAIRLAND UNIVERSITY VS NATIONAL COUNCIL FOR HIGHER EDUCATION (HC)... GASHUMBA MANIRAGUHA VS SAM NKUNDIYE (SC).. GEORGE WILLIAM MASERUKA AND 2 OTHERS Vs CHRISTOPHER NSWEMUAND REGISTRAR OF TITLES (HC)........ JOHN KIVUMBI VS KAMPALA CITY COUNCIL (HC)... KABANDIZE J.BAND 21 OTHERS VS KAMPALA CITY COUNCIL AUTHORITY (HC).......... KASOZI ROBISON AND OTHERS VS ATTORNEY GENERAL AND OTHERS (CC)............ KHABUSI BUILDING CONTRACTORS AND FURNITURE LIMITED VS PUPLIC PROCUREMENT AND DISPOSAL OF ASSETS AUTHORITY (HC).............. MULINDWA GEORGE WILLIAM VS KISUBIKA JOSEPH (SC)....... MUNYANGONDO CHRIS VS UGANDA (SC). NASSER NTEGE SEBAGALA Vs MTN UGANDA LIMITED AND SMS MEDIA LIMITED (HC).. NATIONAL WATER AND SEWERAGE CORPORATION VS THE COMMISSIONER LAND REGISTRATION (HC)...... OBORE GEORGE ALFRED VS THE INSPECTOR GENERAL OF GOVERNMENT AND ATTORNEY GENERAL (HC)....... OMUNYOKOLAKOL JOHNSON VS ATTORNEY GENERAL (SC)...... PRIME MEDIA NETWORKS NO 164 OF 2014 AND ALLIANCE MEDIA (U) LIMITED NO 172 OF 2014 Vs UGANDA NATIONAL ROADS AUTHORITY AND PRIMEMEDIA PROPERTY LIMITED OF UGANDA NO 164 OF 2014 (HC)................. SCORPION HOLDINGS LIMITED VS LION ASSURANCE COMPANY LIMITED (HC).. SEMPIJJA JOHN VS SAMUENEYA STEPHANIA (HC). WAKIBI FRED VS BANK OF UGANDA AND ANOTHER (HC)...... UGANDA VS THOMAS KWOYELO (SC).. | ||
| 650 |
_aUganda law reports _967647 |
||
| 700 |
_aNalule, Rose Kawesa _967666 |
||
| 942 |
_2ddc _cBOOK |
||
| 999 |
_c40169 _d40168 |
||